[Event "Brunei IM-A"]
[Site "Bandar Seri Begawan"]
[Date "2011.03.03"]
[Round "8"]
[White "Hj, Sulaiman Hj Md Baha"]
[Black "Hj, Azahari Md Aliuddin"]
[Result "1/2-1/2"]
[WhiteElo "2223"]
[BlackElo "2061"]
[PlyCount "41"]
[EventDate "2011.02.27"]
[EventType "tourn"]
[EventRounds "9"]
[EventCountry "BRN"]
[EventCategory "4"]
[SourceTitle "CBM 141 Extra"]
[Source "ChessBase"]
[SourceDate "2011.05.03"]
[SourceVersion "1"]
[SourceVersionDate "2011.05.03"]
[SourceQuality "1"]

1. e4 e5 2. Nf3 Nc6 3. Nc3 Nf6 4. Bb5 Bb4 5. d3 d6 6. 0-0 0-0 7. h3 h6 8. Ne2 Re8 9. c3 Ba5 10. Ng3 d5 11. Qc2 a6 12. Ba4 b5 13. Bb3 Bb6 14. Qe2 Be6 15. Be3 Bxe3 16. fxe3 dxe4 17. dxe4 Bxb3 18. axb3 Qd7 19. Qd1 Red8 20. Qxd7 Rxd7 21. Rfd1 1/2-1/2

[Event "Brunei IM-A"]
[Site "Bandar Seri Begawan"]
[Date "2011.02.28"]
[Round "2"]
[White "Yap, Kim Steven"]
[Black "Hj, Sulaiman Hj Md Baha"]
[Result "1-0"]
[WhiteElo "2395"]
[BlackElo "2223"]
[PlyCount "65"]
[EventDate "2011.02.27"]
[EventType "tourn"]
[EventRounds "9"]
[EventCountry "BRN"]
[EventCategory "4"]
[SourceTitle "CBM 141 Extra"]
[Source "ChessBase"]
[SourceDate "2011.05.03"]
[SourceVersion "1"]
[SourceVersionDate "2011.05.03"]
[SourceQuality "1"]

1. e4 e5 2. Nf3 Nc6 3. Bc4 d6 4. d4 Be7 5. 0-0 Nf6 6. Re1 0-0 7. h3 h6 8. c3 a6 9. Nbd2 Rb8 10. Nf1 Bd7 11. Ng3 Qc8 12. a4 Kh8 13. a5 Qe8 14. Qb3 Nh7 15. Be3 Ng5 16. Nd2 f6 17. d5 Nd8 18. Bxa6 Qg6 19. Be2 f5 20. exf5 Bxf5 21. a6 b6 22. a7 Ra8 23. Qc4 Ndf7 24. Qxc7 Bf6 25. Bg4 Bxg4 26. hxg4 e4 27. Bxg5 Bxg5 28. Ndxe4 Bf4 29. Qd7 Ne5 30. Qe6 Qxg4 31. Qxg4 Nxg4 32. Ne2 Be5 33. f4 1-0

[Event "Brunei IM-A"]
[Site "Bandar Seri Begawan"]
[Date "2010.07.26"]
[Round "2"]
[White "Hj, Azahari Siti Nur Fa"]
[Black "Hj, Sulaiman Hj Md Baha"]
[Result "1-0"]
[WhiteElo "2065"]
[BlackElo "2339"]
[PlyCount "44"]
[EventDate "2010.07.26"]
[EventType "tourn"]
[EventRounds "9"]
[EventCountry "BRN"]
[EventCategory "2"]
[SourceTitle "CBM 137 Extra"]
[Source "ChessBase"]
[SourceDate "2010.09.01"]
[SourceVersion "1"]
[SourceVersionDate "2010.09.01"]
[SourceQuality "1"]

1. e4 e5 2. Nf3 Nc6 3. Nc3 Be7 4. Bc4 Nf6 5. d3 d6 6. h3 h6 7. Be3 Be6 8. Bb3 a6 9. Qe2 Qd7 10. 0-0-0 0-0-0 11. d4 exd4 12. Nxd4 Bxb3 13. axb3 Nxd4 14. Bxd4 Rhe8 15. Rhe1 Qc6 16. f4 Nd7 17. Bxg7 Bf6 18. Bxf6 Nxf6 19. e5 dxe5 20. Rxd8+ Rxd8 21. Qxe5 Re8 22. Qf5+ Re6 1-0